| 000 | 00706nam a22002537a 4500 | ||
|---|---|---|---|
| 001 | 14399 | ||
| 003 | BD-JhCC | ||
| 005 | 20250909104328.0 | ||
| 008 | 250909b |||||||| |||| 00| 0 eng d | ||
| 020 | _a9789390166268 | ||
| 035 | _a(BD-JhCC) 14399 | ||
| 040 |
_aBD-JhCC _dBD-JhCC |
||
| 041 | _aeng | ||
| 082 |
_223 _a332.024 _bHOU 2025 |
||
| 100 | _aHousel,Morgan | ||
| 245 |
_aThe Psychology of Money: _bTimeless Lessons On Wealth, Greed, And Happiness / _cMorgan Housel |
||
| 250 | _a85th | ||
| 260 |
_aMumbai: _bJaico Publishing House, _c2025 |
||
| 300 |
_a242 p.; _c20 cm. _ePaper binding |
||
| 650 | _a Money Psychological aspects | ||
| 650 | _aRichesse | ||
| 650 | _aWealth | ||
| 942 |
_2ddc _cBK |
||
| 999 |
_c14399 _d14399 |
||